Statistics for Flags of Africa With Red, Green and Yellow

Click here to take the quiz!

General Stats

  • This quiz has been taken 12 times
  • The average score is 20 of 22

Answer Stats

Answer% Correct
Ethiopia
100%
Zimbabwe
100%
South Sudan
100%
Comoros
100%
Central African Republic
100%
South Africa
100%
Seychelles
100%
Mauritania
100%
Mauritius
100%
Eritrea
100%
Ghana
100%
Togo
100%
Mozambique
100%
Guinea
86%
Mali
86%
Burkina Faso
86%
Cameroon
86%
Senegal
86%
São Tomé and Príncipe
86%
Benin
71%
Guinea Bissau
71%
Republic of the Congo
57%

Score Distribution

Percentile by Number Answered

Percent of People with Each Score

Your Score History

You have not taken this quiz